Joueurs du mois - Top 14 2021-2022. - Statistiques

Statistiques générales
  • Ce quiz a été pris 160 fois
    131 depuis la dernière actualisation
  • Le résultat moyen est 8 sur 24
Statistiques - réponses
Nominé % Correct
Romain Ntamack
77%
Matthieu Jalibert
71%
Gaël Fickou
60%
Paolo Garbisi
52%
Josua Tuisova
49%
Grégory Alldritt
48%
Ben Lam
42%
Santiago Cordero
40%
Zach Mercer
39%
Léo Berdeu
35%
Aymeric Luc
33%
Aymeric Luc
33%
Julien Dumora
31%
Ihaia West
28%
Waisea Nayacalevu
27%
Beka Gorgadze
25%
Gabin Villière
25%
Morgan Parra
23%
Jan Serfontein
12%
Wilfrid Hounkpatin
7%
Tom Staniforth
6%
Tumua Manu
6%
Dany Priso
5%
Wenceslas Lauret
3%
Aucun quiz correspondant
Distribution des résultats
% des personnes avec chaque résultat
Percentile par nombre de réponses
Votre historique - résultats
Vous n’avez pas pris ce quiz depuis la dernière actualisation